Estructura y grado de desarrollo; relaciones de producción del sector agropecuario: Municipio de Momostenango, Totonicapan, Guatemala /
Analiza las condiciones sociales en que se realiza el proceso de producción en el municipio de Momostenango, Guatemala. Plantea que las relaciones sociales de producción referentes a la actividad agropecuaria se hallan en una fase precapitalista, correpondiendo las mismas a una división natural del...
Gespeichert in:
| 1. Verfasser: | |
|---|---|
| Format: | Abschlussarbeit |
| Veröffentlicht: |
Guatemala:
Universidad de San Carlos de Guatemala
|
| Schlagworte: | |
| Tags: |
Tag hinzufügen
Keine Tags, Fügen Sie den ersten Tag hinzu!
|
MARC
| LEADER | 00000 a a2200000 04500 | ||
|---|---|---|---|
| 001 | 19944 | ||
| 003 | |||
| 040 | |a CRAI/IIS |c CRAI/IIS | ||
| 090 | |a 08121.00 | ||
| 100 | |a Lemus y Lemus, Jorge Alberto | ||
| 245 | |a Estructura y grado de desarrollo; relaciones de producción del sector agropecuario: |b Municipio de Momostenango, Totonicapan, Guatemala / |c Jorge Alberto Lemus y Lemus | ||
| 260 | |a Guatemala: |b Universidad de San Carlos de Guatemala | ||
| 300 | |a 63 páginas | ||
| 502 | |a Tesis (Licenciado en Economía) -- Universidad de San Carlos de Guatemala. Facultad de Ciencias Económicas, 1974 | ||
| 520 | |a Analiza las condiciones sociales en que se realiza el proceso de producción en el municipio de Momostenango, Guatemala. Plantea que las relaciones sociales de producción referentes a la actividad agropecuaria se hallan en una fase precapitalista, correpondiendo las mismas a una división natural del trabajo. Describe geográficamente el municipio, estudia sus aspectos demográficos, analiza la estructura del sector agropecuario, haciendo énfasis en la distribución de la tierra y en la producción agrícola y pecuaria y señala algunas características económico-sociales del pequeño productor./ACM | ||
| 650 | |a ESTRUCTURA ECONOMICA | ||
| 650 | |a GOBIERNO LOCAL | ||
| 650 | |a TENENCIA DE LA TIERRA | ||
| 650 | |a SECTOR AGROPECUARIO | ||
| 650 | |a RELACIONES SOCIALES DE PRODUCCION | ||
| 999 | |c 18125 |d 18125 | ||
